Villes hôtes des Jeux Olympiques d'été (avec dates) - Mort subite - Statistiques

Statistiques générales
  • Ce quiz a été pris 53 fois
  • Le résultat moyen est 8 sur 24
Answers on the Grid
Answers color-coded by a green-red scale on the quiz's grid according to % correct below.
Athènes
(1896-2004)
Paris
(1900-1924-2024)
Saint Louis
(1904)
Londres
(1908-1948-2012)
Stockholm
(1912)
Anvers
(1920)
Amsterdam
(1928)
Los Angeles
(1932-1984-2028)
Berlin
(1936)
Helsinki
(1952)
Melbourne
(1956)
Rome
(1960)
Tokyo
(1964-2020)
Mexico
(1968)
Munich
(1972)
Montréal
(1976)
Moscou
(1980)
Séoul
(1988)
Barcelone
(1992)
Atlanta
(1996)
Sydney
(2000)
Pékin
(2008)
Rio de Janeiro
(2016)
Brisbane
(2032)
Vancouver
(1976)
Paris
(1904-2024)
Berlin
(1916)
Pékin
(2008-2022)
Kyoto
(1964-2020)
Moscou
(1984)
Melbourne
(2000)
Sydney
(1956)
Dublin
(1952)
Porto
(1968)
Berlin
(1946)
Salt Lake City
(1996)
Oslo
(1952)
Amsterdam
(1904)
Canberra
(2032)
Los Angeles
(1932-1980-2028)
Barcelone
(1994)
Buenos Aires
(1976)
Sapporo
(1988)
Berne
(1940)
 
Statistiques - réponses
Réponse % Correct
Paris
(1900-1924-2024)
54%
Barcelone
(1992)
46%
Athènes
(1896-2004)
42%
Pékin
(2008)
42%
Rio de Janeiro
(2016)
42%
Tokyo
(1964-2020)
42%
Atlanta
(1996)
38%
Sydney
(2000)
38%
Londres
(1908-1948-2012)
35%
Mexico
(1968)
35%
Munich
(1972)
35%
Séoul
(1988)
35%
Berlin
(1936)
31%
Los Angeles
(1932-1984-2028)
31%
Anvers
(1920)
27%
Melbourne
(1956)
27%
Rome
(1960)
27%
Amsterdam
(1928)
23%
Stockholm
(1912)
23%
Brisbane
(2032)
19%
Montréal
(1976)
19%
Saint Louis
(1904)
19%
Helsinki
(1952)
15%
Moscou
(1980)
15%
Aucun quiz correspondant
Distribution des résultats
% des personnes avec chaque résultat
Percentile par nombre de réponses
Votre historique - résultats
Vous n’avez pas pris ce quiz